01488nam a2200349Ia 4500001001200000003000800012006001900020007001500039008004100054010001700095020001500112020002600127020001800153040002100171035002100192050002500213100003100238240002200269245020000291260004900491300001800540500006300558504006400621533015200685610002300837650003700860655002900897700005200926710001700978856012600995999001701121ebr10634110CaPaEBRm u cr cn|||||||||061005r20061960enk sb 001 0 eng d z 2007360826 z0718891732 z9780718840099 (ebook) z9780718891732 aCaPaEBRcCaPaEBR a(OCoLC)84759207714aBX5037b.A452 2006eb1 aAllen, Roland,d1869-1947.10aSelections.f200614aThe ministry of the Spirith[electronic resource] :bselected writings /cRoland Allen ; with an introductory essay by Lamin Sanneh ; with a memoir by Alexander McLeish ; edite by David M. Paton. aCambridge, U.K. :bLutterworth Press,c2006. axxvii, 208 p. aOriginally published: London : World Dominion Press, 1960. aIncludes bibliographical references (p. 201-204) and index. aElectronic reproduction.bPalo Alto, Calif. :cebrary,d2013.nAvailable via World Wide Web.nAccess may be limited to ebrary affiliated libraries.20aChurch of England. 0aTheologyxHistoryy20th century. 7aElectronic books.2local1 aPaton, David M.q(David Macdonald),d1913-1992.2 aebrary, Inc.40uhttp://site.ebrary.com/lib/rucke/Doc?id=10634110zAn electronic book accessible through the World Wide Web; click to view c47330d47330